The ideal world prophet Muhammad

Bibliographic Details
Main Author: Karim, Fazlul (Author)
Format: Book
Published: Lahore : The Book House , 1935
Subjects:

MARC

LEADER 00000cam a2200000 7i4500
001 0000004214
005 20201201093000.0
008 021118s1935
090 0 0 |a BP75   |b .K37 
100 0 |a Karim, Fazlul ,   |e author 
245 1 4 |a The ideal world prophet Muhammad   |c Fazl-ul Karim 
260 2 |a Lahore :   |b The Book House ,   |c 1935 
300 |a 470 p. ;   |c 22 cm. 
600 0 0 |a Muhammad ,   |c Prophet ,   |d - 632 
999 |a 1000001609   |b Book   |c OPEN SHELF (30 DAYS)   |e Gong Badak Campus 
999 |a 1000001610   |b Book   |c OPEN SHELF (30 DAYS)   |e Gong Badak Campus 
999 |a 1000001611   |b Book   |c OPEN SHELF (30 DAYS)   |e Medical Campus